[Event "LAT-ch (Women)"]
[Site "Riga"]
[Date "2017.10.08"]
[Round "4"]
[White "Sarnovska, Eira"]
[Black "Erneste, Inguna"]
[Result "0-1"]
[WhiteElo "1727"]
[BlackElo "2133"]
[PlyCount "76"]
[EventDate "2017.10.05"]
[EventType "swiss"]
[EventRounds "7"]
[EventCountry "LAT"]
[SourceTitle "CBM 181 Extra"]
[Source "ChessBase"]
[SourceDate "2017.12.12"]
[SourceVersion "1"]
[SourceVersionDate "2017.12.12"]
[SourceQuality "1"]

1. Nf3 d5 2. c4 e6 3. g3 Nf6 4. Bg2 Be7 5. 0-0 0-0 6. d3 c5 7. Bd2 Nc6 8. Re1 d4 9. a3 a5 10. a4 e5 11. e4 dxe3 12. Bxe3 Bf5 13. Ra3 Qd7 14. Bc1 Qc7 15. Nc3 Rad8 16. Nb5 Qb8 17. Qe2 Nd7 18. Rb3 Bf6 19. Nd2 Nb4 20. Qf3 Bg6 21. Ne4 Be7 22. h4 h6 23. Qg4 Kh8 24. Be3 b6 25. f4 exf4 26. Bxf4 Ne5 27. Qe2 f6 28. Rd1 Rfe8 29. d4 cxd4 30. Rxd4 Rxd4 31. Nxd4 Qc8 32. Rc3 Bc5 33. Nxc5 Qxc5 34. Be3 Ned3 35. Qg4 Rxe3 36. Qxg6 Qxd4 37. Kh2 Re2 38. h5 Qf2 0-1

[Event "EU-ch (Women) 18th"]
[Site "Riga"]
[Date "2017.04.17"]
[Round "7"]
[White "Doluhanova, Evgeniya"]
[Black "Erneste, Inguna"]
[Result "1-0"]
[WhiteElo "2287"]
[BlackElo "2168"]
[PlyCount "105"]
[EventDate "2017.04.11"]
[EventType "swiss"]
[EventRounds "11"]
[EventCountry "LAT"]
[SourceTitle "CBM 177 Extra"]
[Source "ChessBase"]
[SourceDate "2017.04.27"]
[SourceVersion "1"]
[SourceVersionDate "2017.04.27"]
[SourceQuality "1"]

1. e4 e5 2. Nf3 Nc6 3. Bb5 a6 4. Ba4 Nf6 5. d3 b5 6. Bb3 d6 7. Ng5 d5 8. exd5 Nd4 9. c4 Bg4 10. f3 Bh5 11. Nc3 Be7 12. 0-0 0-0 13. Qe1 Nd7 14. Nh3 Bg6 15. Nf2 Nc5 16. Qd1 Kh8 17. Ne2 Ncxb3 18. axb3 Bc5 19. Nxd4 Bxd4 20. Qe2 Qd6 21. Be3 Qc5 22. Bxd4 Qxd4 23. Kh1 Rfb8 24. Rfd1 a5 25. Ne4 a4 26. Nc3 a3 27. Nxb5 Qxb2 28. Qxb2 axb2 29. Rab1 Ra2 30. Rd2 Rb7 31. Kg1 Ra1 32. Rdxb2 Rxb1+ 33. Rxb1 Bxd3 34. Ra1 g6 35. Ra8+ Kg7 36. Rc8 Bc2 37. Rxc7 Rxc7 38. Nxc7 Bxb3 39. c5 Kf6 40. d6 Ba4 41. Kf2 Bc6 42. Ke3 h6 43. g3 Bb7 44. f4 Bc6 45. Na6 exf4+ 46. Kxf4 g5+ 47. Ke3 Ke6 48. Kd4 f6 49. Nb8 Bg2 50. d7 Ke7 51. c6 Kd8 52. Kc5 Kc7 53. Na6+ 1-0

[Event "EU-ch (Women) 18th"]
[Site "Riga"]
[Date "2017.04.15"]
[Round "5"]
[White "Drljevic, Ljilja"]
[Black "Erneste, Inguna"]
[Result "1-0"]
[WhiteElo "2237"]
[BlackElo "2168"]
[PlyCount "69"]
[EventDate "2017.04.11"]
[EventType "swiss"]
[EventRounds "11"]
[EventCountry "LAT"]
[SourceTitle "CBM 177 Extra"]
[Source "ChessBase"]
[SourceDate "2017.04.27"]
[SourceVersion "1"]
[SourceVersionDate "2017.04.27"]
[SourceQuality "1"]

1. g3 d5 2. Bg2 Nf6 3. Nf3 Nbd7 4. 0-0 e5 5. d3 Be7 6. Nbd2 0-0 7. e4 dxe4 8. dxe4 c6 9. b3 Qc7 10. Bb2 b5 11. a3 Re8 12. Nh4 g6 13. Re1 Nc5 14. Nhf3 Nfd7 15. Nf1 a6 16. Ne3 f6 17. Nd2 Nf8 18. a4 Rb8 19. axb5 axb5 20. Bc3 Nb7 21. b4 Ne6 22. Qb1 Rd8 23. Qa2 Kg7 24. Qb2 Bd7 25. f4 exf4 26. Nf5+ gxf5 27. exf5 Qb6+ 28. Kh1 fxg3 29. fxe6 Bc8 30. Ne4 Rf8 31. Rf1 Bxe6 32. Bxf6+ Bxf6 33. Nxf6 Kh6 34. Qe5 Bf7 35. Ng4+ 1-0

[Event "Olympiad Women-42"]
[Site "Baku"]
[Date "2016.09.09"]
[Round "7.3"]
[White "Erneste, Inguna"]
[Black "Velikic, Adela"]
[Result "1/2-1/2"]
[WhiteElo "2178"]
[BlackElo "2260"]
[PlyCount "134"]
[EventDate "2016.09.02"]
[EventType "team-swiss"]
[EventRounds "11"]
[EventCountry "AZE"]
[SourceTitle "CBM 174 Extra"]
[Source "ChessBase"]
[SourceDate "2016.10.10"]
[SourceVersion "1"]
[SourceVersionDate "2016.10.10"]
[SourceQuality "1"]
[WhiteTeam "Latvia (W)"]
[BlackTeam "Serbia (W)"]
[WhiteTeamCountry "LAT"]
[BlackTeamCountry "SRB"]

1. e4 c6 2. d4 d5 3. Nc3 dxe4 4. Nxe4 Bf5 5. Ng3 Bg6 6. Nf3 Nd7 7. h4 h6 8. h5 Bh7 9. Bd3 Bxd3 10. Qxd3 e6 11. Bd2 a5 12. 0-0-0 Bb4 13. c3 Be7 14. Ne4 Ngf6 15. Kb1 a4 16. Nxf6+ Nxf6 17. Ne5 Qd5 18. f3 Nd7 19. Nxd7 Qxd7 20. g4 b5 21. Be3 b4 22. cxb4 Bxb4 23. Qc4 Be7 24. Rc1 a3 25. b3 Rc8 26. Rc2 0-0 27. Rg1 Rfd8 28. f4 Bf6 29. Rgc1 Bxd4 30. Bxd4 Qxd4 31. Rf1 Qf6 32. Qc5 Qh4 33. Rg1 Qf6 34. Qxa3 Qxf4 35. Qc1 Rd4 36. Qxf4 Rxf4 37. Rc5 f6 38. a3 e5 39. Rg3 Kf7 40. b4 Rd4 41. Kc2 Ke7 42. Kb3 Kd6 43. a4 Rb8 44. Rc4 Rxc4 45. Kxc4 e4 46. Rb3 Ke5 47. Kc5 Rc8 48. a5 Kf4 49. Kb6 e3 50. Kb7 e2 51. Rb1 Rd8 52. Re1 Rd4 53. Rxe2 Rxb4+ 54. Kxc6 Ra4 55. Kb5 Ra1 56. a6 Kxg4 57. Rg2+ Kxh5 58. Rxg7 f5 59. a7 f4 60. Kc4 f3 61. Kd3 f2 62. Rf7 Rxa7 63. Rxf2 Kg4 64. Rf6 h5 65. Ke2 h4 66. Kf2 Kh3 67. Kg1 Rg7+ 1/2-1/2

[Event "WchT Seniors 50"]
[Site "Radebeul"]
[Date "2016.06.30"]
[Round "5.1"]
[White "Erneste, Inguna"]
[Black "Buchal, Stephan"]
[Result "0-1"]
[WhiteElo "2149"]
[BlackElo "2338"]
[PlyCount "62"]
[EventDate "2016.06.26"]
[EventType "team-swiss"]
[EventRounds "9"]
[EventCountry "GER"]
[SourceTitle "CBM 173 Extra"]
[Source "ChessBase"]
[SourceDate "2016.08.29"]
[SourceVersion "1"]
[SourceVersionDate "2016.08.29"]
[SourceQuality "1"]
[WhiteTeam "Latvia (W)"]
[BlackTeam "Werder Bremen"]
[WhiteTeamCountry "LAT"]
[BlackTeamCountry "GER"]

1. e4 g6 2. d4 Bg7 3. Nf3 d6 4. Nc3 a6 5. a4 b6 6. Bc4 e6 7. Bg5 Ne7 8. Qd2 h6 9. Be3 Bb7 10. 0-0 Nd7 11. Rad1 Nf6 12. d5 e5 13. h3 Nh5 14. g4 Nf4 15. Bxf4 exf4 16. Qxf4 g5 17. Qc1 Ng6 18. Ne2 h5 19. Qxg5 Bf6 20. Qe3 hxg4 21. hxg4 Qd7 22. Nh2 Ne5 23. Qf4 0-0-0 24. Qxf6 Rxh2 25. Ng3 Rdh8 26. Be2 Kb8 27. a5 R2h3 28. Qf4 Qd8 29. Nf5 Rh1+ 30. Kg2 Ng6 31. Qg3 R1h3 0-1

[Event "WchT Seniors 50"]
[Site "Radebeul"]
[Date "2016.06.26"]
[Round "1.1"]
[White "Erneste, Inguna"]
[Black "Jussupow, Artur"]
[Result "0-1"]
[WhiteElo "2149"]
[BlackElo "2596"]
[PlyCount "64"]
[EventDate "2016.06.26"]
[EventType "team-swiss"]
[EventRounds "9"]
[EventCountry "GER"]
[SourceTitle "CBM 173 Extra"]
[Source "ChessBase"]
[SourceDate "2016.08.29"]
[SourceVersion "1"]
[SourceVersionDate "2016.08.29"]
[SourceQuality "1"]
[WhiteTeam "Latvia (W)"]
[BlackTeam "Lasker Gesellschaft"]
[WhiteTeamCountry "LAT"]
[BlackTeamCountry "GER"]

1. e4 e6 2. d4 d5 3. Nc3 Bb4 4. e5 b6 5. a3 Bf8 6. f4 Ne7 7. Be3 Nf5 8. Bf2 h5 9. g3 c5 10. Nf3 Nc6 11. Bb5 Bd7 12. Bxc6 Bxc6 13. 0-0 Qd7 14. a4 a5 15. Kg2 Rc8 16. h3 cxd4 17. Nxd4 Bc5 18. g4 hxg4 19. hxg4 Nxd4 20. Bxd4 Qe7 21. g5 Bxd4 22. Qxd4 Qc5 23. Rad1 Ke7 24. Rf2 Qxd4 25. Rxd4 f6 26. Ne2 Be8 27. Ng3 fxe5 28. fxe5 Rc4 29. Rfd2 Rxa4 30. Rxa4 Bxa4 31. Rf2 Rh4 32. c3 Rg4 0-1

[Event "LAT-ch (Women)"]
[Site "Riga"]
[Date "2016.05.06"]
[Round "7"]
[White "Erneste, Inguna"]
[Black "Berzina, Ilze"]
[Result "1-0"]
[WhiteElo "2130"]
[BlackElo "2206"]
[PlyCount "107"]
[EventDate "2016.04.30"]
[EventType "swiss"]
[EventRounds "7"]
[EventCountry "LAT"]
[SourceTitle "CBM 172 Extra"]
[Source "ChessBase"]
[SourceDate "2016.06.21"]
[SourceVersion "1"]
[SourceVersionDate "2016.06.21"]
[SourceQuality "1"]

1. e4 c6 2. d4 d5 3. Nc3 dxe4 4. Nxe4 Nd7 5. Ng5 Ngf6 6. Bc4 e6 7. Qe2 Nb6 8. Bb3 h6 9. N5f3 Be7 10. c3 0-0 11. Ne5 c5 12. Ngf3 cxd4 13. Nxd4 Nbd5 14. 0-0 a6 15. Rd1 Qc7 16. c4 Nb4 17. Bf4 Qb6 18. a3 Nc6 19. Ndxc6 bxc6 20. Bc2 c5 21. Rd3 Rd8 22. Rb3 Qc7 23. Qf3 Rb8 24. Nxf7 Rxb3 25. Bxb3 Qb6 26. Nxd8 Bxd8 27. Rd1 Be7 28. Be5 Bb7 29. Qg3 Qc6 30. f3 Nh5 31. Qg6 Nf6 32. Bc2 Bc8 33. Be4 Qa4 34. Rc1 Qb3 35. Kh1 Qe3 36. Rd1 Qe2 37. Rb1 Bd7 38. Bc3 Be8 39. Qg3 Qxc4 40. Qe5 Bf8 41. b3 Qb5 42. Qxe6+ Bf7 43. Qc6 Qe2 44. Bxf6 gxf6 45. Bd5 Qd3 46. Bxf7+ Kxf7 47. Qe4 Qd2 48. Re1 Bd6 49. Qe3 Qd5 50. Qxh6 Qxb3 51. Qh7+ Kf8 52. Qh8+ Kf7 53. Qe8+ Kg7 54. Qd7+ 1-0

[Event "LAT-ch (Women)"]
[Site "Riga"]
[Date "2016.05.03"]
[Round "4"]
[White "Erneste, Inguna"]
[Black "Krumina, Linda"]
[Result "0-1"]
[WhiteElo "2130"]
[BlackElo "2083"]
[PlyCount "72"]
[EventDate "2016.04.30"]
[EventType "swiss"]
[EventRounds "7"]
[EventCountry "LAT"]
[SourceTitle "CBM 172 Extra"]
[Source "ChessBase"]
[SourceDate "2016.06.21"]
[SourceVersion "1"]
[SourceVersionDate "2016.06.21"]
[SourceQuality "1"]

1. e4 c5 2. Nf3 d6 3. d4 cxd4 4. Nxd4 Nf6 5. Nc3 g6 6. Be2 Bg7 7. 0-0 0-0 8. Be3 Nc6 9. Nb3 Be6 10. f4 Qc8 11. Kh1 Rd8 12. Bg1 d5 13. e5 Ne4 14. Nxe4 dxe4 15. Qc1 Nb4 16. Bc5 Bxb3 17. Bxb4 Bxc2 18. Bxe7 Rd5 19. Qe3 Qd7 20. Bb4 a5 21. Bc3 b5 22. a3 Bh6 23. Rac1 Bd3 24. Bxd3 exd3 25. Rcd1 Rc8 26. h3 Rc4 27. Bxa5 Rdd4 28. Bc3 Bxf4 29. Qf3 Rd5 30. Rfe1 d2 31. Re2 Rd3 32. Qa8+ Qd8 33. Qb7 Qh4 34. e6 Rxh3+ 35. gxh3 Qxh3+ 36. Kg1 Be3+ 0-1

[Event "Olympiad Women-40"]
[Site "Istanbul"]
[Date "2012.09.05"]
[Round "8.4"]
[White "Alattar, Ghayda M"]
[Black "Erneste, Inguna"]
[Result "0-1"]
[WhiteElo "1921"]
[BlackElo "2203"]
[PlyCount "114"]
[EventDate "2012.08.28"]
[EventType "team-swiss"]
[EventRounds "11"]
[EventCountry "TUR"]
[SourceTitle "CBM 150 Extra"]
[Source "ChessBase"]
[SourceDate "2012.10.19"]
[SourceVersion "1"]
[SourceVersionDate "2012.10.19"]
[SourceQuality "1"]
[WhiteTeam "Jordan (W)"]
[BlackTeam "Latvia (W)"]
[WhiteTeamCountry "JOR"]
[BlackTeamCountry "LAT"]

1. d4 d5 2. Nc3 Nf6 3. Bg5 e6 4. e4 dxe4 5. Nxe4 Be7 6. Bxf6 Bxf6 7. Nf3 0-0 8. Qd2 b6 9. 0-0-0 Bb7 10. Qf4 Be7 11. Bd3 Nd7 12. Neg5 Nf6 13. h4 h6 14. Kb1 Bxf3 15. gxf3 Qd6 16. Qe3 Rfd8 17. c3 c5 18. Bc2 cxd4 19. cxd4 Rac8 20. Ne4 Qc7 21. Bb3 Nd5 22. Bxd5 exd5 23. Nc3 Bf6 24. Rhg1 Kh8 25. Qd3 Qd7 26. Ne2 Bxh4 27. Rg4 Be7 28. Rdg1 Bf8 29. Nf4 Rc6 30. Nh5 g6 31. Nf4 Bg7 32. Nh5 Rg8 33. Nxg7 Kxg7 34. f4 Rf6 35. Kc1 Re8 36. f3 Qf5 37. Kd2 Qxd3+ 38. Kxd3 Rfe6 39. f5 Re2 40. Re4 R2xe4 41. fxe4 Rxe4 42. fxg6 fxg6 43. Rc1 Rf4 44. Ke3 Re4+ 45. Kd3 Re7 46. b4 h5 47. a4 Kh6 48. a5 bxa5 49. bxa5 h4 50. Kd2 Kh5 51. Rc5 Rd7 52. Ke3 Kg4 53. Kf2 g5 54. Kg2 Kf4 55. Rc6 Rb7 56. Rf6+ Kg4 57. Rf2 Rb4 0-1

[Event "Olympiad Women-40"]
[Site "Istanbul"]
[Date "2012.09.04"]
[Round "7.4"]
[White "Erneste, Inguna"]
[Black "Castrillon Gomez, Melissa"]
[Result "0-1"]
[WhiteElo "2203"]
[BlackElo "2181"]
[PlyCount "54"]
[EventDate "2012.08.28"]
[EventType "team-swiss"]
[EventRounds "11"]
[EventCountry "TUR"]
[SourceTitle "CBM 150 Extra"]
[Source "ChessBase"]
[SourceDate "2012.10.19"]
[SourceVersion "1"]
[SourceVersionDate "2012.10.19"]
[SourceQuality "1"]
[WhiteTeam "Latvia (W)"]
[BlackTeam "Columbia (W)"]
[WhiteTeamCountry "LAT"]
[BlackTeamCountry "COL"]

1. e4 e5 2. Nf3 Nc6 3. Bb5 a6 4. Ba4 Nge7 5. 0-0 g6 6. c3 Bg7 7. d4 exd4 8. cxd4 b5 9. Bb3 0-0 10. Nc3 d6 11. h3 Na5 12. Bc2 Bb7 13. a3 c5 14. dxc5 dxc5 15. Bf4 Nc4 16. Qc1 Nc6 17. Bh6 Nd4 18. Bxg7 Nxf3+ 19. gxf3 Kxg7 20. Rd1 Qh4 21. b3 Ne5 22. Kg2 Nxf3 23. Qe3 Nd4 24. Rd2 f5 25. Qg3 Qf6 26. Re1 f4 27. Qh2 Qg5+ 0-1

[Event "Olympiad Women-40"]
[Site "Istanbul"]
[Date "2012.09.01"]
[Round "5.4"]
[White "Maslikova, Veronika"]
[Black "Erneste, Inguna"]
[Result "1-0"]
[WhiteElo "2222"]
[BlackElo "2203"]
[PlyCount "115"]
[EventDate "2012.08.28"]
[EventType "team-swiss"]
[EventRounds "11"]
[EventCountry "TUR"]
[SourceTitle "CBM 150 Extra"]
[Source "ChessBase"]
[SourceDate "2012.10.19"]
[SourceVersion "1"]
[SourceVersionDate "2012.10.19"]
[SourceQuality "1"]
[WhiteTeam "Slovakia (W)"]
[BlackTeam "Latvia (W)"]
[WhiteTeamCountry "SVK"]
[BlackTeamCountry "LAT"]

1. e4 e5 2. Nf3 Nc6 3. Bb5 a6 4. Ba4 Nf6 5. 0-0 Be7 6. Re1 b5 7. Bb3 d6 8. c3 0-0 9. h3 Nb8 10. d4 Nbd7 11. Nbd2 Bb7 12. Bc2 Re8 13. Nf1 Bf8 14. Ng3 g6 15. b3 c6 16. Bg5 h6 17. Bd2 Qc7 18. Rc1 Rad8 19. Kh1 Bg7 20. Bb1 Qb8 21. Qc2 Rc8 22. Rcd1 Qc7 23. Qc1 Kh7 24. Qa3 Bf8 25. Qb2 Bg7 26. dxe5 dxe5 27. c4 bxc4 28. bxc4 Nc5 29. Bb4 Nfd7 30. Qc3 Bf8 31. Ba5 Qb8 32. Bc2 Qa7 33. Nf1 Ba8 34. Ne3 Bg7 35. Qd2 Nf6 36. Ng4 Nxg4 37. hxg4 Ne6 38. Rb1 Nd4 39. Bb6 Qd7 40. Bxd4 exd4 41. g5 c5 42. Qf4 h5 43. Bd3 Qg4 44. Qxg4 hxg4 45. Nh2 g3 46. fxg3 Be5 47. Rf1 Kg7 48. Rf3 Bc7 49. Rbf1 Re7 50. Ng4 Bc6 51. Kg1 Rb8 52. Nf6 Bd8 53. Ng4 Rbb7 54. Rf4 Bc7 55. R4f3 Bd7 56. Nf6 Be6 57. g4 Bd8 58. Rh3 1-0

[Event "Olympiad Women-40"]
[Site "Istanbul"]
[Date "2012.08.31"]
[Round "4.4"]
[White "Revo, Tatiana"]
[Black "Erneste, Inguna"]
[Result "0-1"]
[WhiteElo "2058"]
[BlackElo "2203"]
[PlyCount "68"]
[EventDate "2012.08.28"]
[EventType "team-swiss"]
[EventRounds "11"]
[EventCountry "TUR"]
[SourceTitle "CBM 150 Extra"]
[Source "ChessBase"]
[SourceDate "2012.10.19"]
[SourceVersion "1"]
[SourceVersionDate "2012.10.19"]
[SourceQuality "1"]
[WhiteTeam "Belarus (W)"]
[BlackTeam "Latvia (W)"]
[WhiteTeamCountry "BLR"]
[BlackTeamCountry "LAT"]

1. e4 e5 2. Nf3 Nc6 3. d4 exd4 4. Nxd4 Nf6 5. Nxc6 bxc6 6. e5 Nd5 7. c4 Ne7 8. Bg5 d6 9. Nc3 dxe5 10. Qf3 Bd7 11. 0-0-0 Qc8 12. Qe3 f6 13. Bd3 Nf5 14. Bxf5 Bxf5 15. Bh4 Be7 16. Rhe1 0-0 17. f4 Bd6 18. Bg3 Re8 19. Qf2 e4 20. c5 Bf8 21. Qd4 Qe6 22. Bf2 Bg6 23. Qd7 Rac8 24. g4 f5 25. gxf5 Bxf5 26. Qxe6+ Rxe6 27. b4 g6 28. Re3 Bh6 29. Bg3 Rf8 30. Ne2 Re7 31. Bh4 Ree8 32. Re1 Rf7 33. Bg3 Bg4 34. Nd4 Bxf4 0-1

[Event "LAT-ch (Women)"]
[Site "Riga"]
[Date "2012.05.05"]
[Round "9"]
[White "Erneste, Inguna"]
[Black "Djogteva, Jekaterina"]
[Result "1-0"]
[WhiteElo "2190"]
[BlackElo "1771"]
[PlyCount "57"]
[EventDate "2012.04.29"]
[EventType "swiss"]
[EventRounds "9"]
[EventCountry "LAT"]
[SourceTitle "CBM 148 Extra"]
[Source "ChessBase"]
[SourceDate "2012.06.22"]
[SourceVersion "1"]
[SourceVersionDate "2012.06.22"]
[SourceQuality "1"]

1. e4 c5 2. Nf3 e6 3. Nc3 a6 4. d4 cxd4 5. Nxd4 Qc7 6. Bd3 Bb4 7. Bd2 Ne7 8. 0-0 Nbc6 9. Nxc6 Nxc6 10. Qg4 Qe5 11. Bf4 Qf6 12. e5 Qe7 13. Qxg7 Qf8 14. Qg3 Bxc3 15. bxc3 b5 16. a4 Bb7 17. Be4 h5 18. axb5 h4 19. Qe3 axb5 20. Rxa8+ Bxa8 21. Ra1 Bb7 22. Qb6 Qg7 23. Qxb7 Nd8 24. Qb6 h3 25. Ra8 Ke7 26. Qd6+ Ke8 27. Qc7 Ke7 28. Ra7 Re8 29. Qd6# 1-0

[Event "LAT-ch (Women)"]
[Site "Riga"]
[Date "2012.05.03"]
[Round "7"]
[White "Erneste, Inguna"]
[Black "Otikova, Elina"]
[Result "1-0"]
[WhiteElo "2190"]
[BlackElo "1903"]
[PlyCount "81"]
[EventDate "2012.04.29"]
[EventType "swiss"]
[EventRounds "9"]
[EventCountry "LAT"]
[SourceTitle "CBM 148 Extra"]
[Source "ChessBase"]
[SourceDate "2012.06.22"]
[SourceVersion "1"]
[SourceVersionDate "2012.06.22"]
[SourceQuality "1"]

1. e4 e5 2. Nf3 Nc6 3. Bb5 a6 4. Ba4 Nf6 5. 0-0 b5 6. Bb3 Bc5 7. d3 d6 8. c3 Bb6 9. a4 Rb8 10. h3 h6 11. axb5 axb5 12. Na3 b4 13. Ba4 Bd7 14. Nc4 bxc3 15. bxc3 0-0 16. Nxb6 Rxb6 17. Be3 Rb7 18. Nd2 Ne7 19. f4 Ng6 20. fxe5 dxe5 21. d4 Bxa4 22. Rxa4 exd4 23. cxd4 Re8 24. Qf3 Qd7 25. Ra5 Rb5 26. Ra7 Kh7 27. Rc1 Re7 28. Qg3 Nxe4 29. Nxe4 Rxe4 30. Bf2 Re2 31. Rcxc7 Qe8 32. Rxf7 Qg8 33. Qd3 Rbb2 34. h4 Rbd2 35. Qb5 Rb2 36. Qd7 Rb1+ 37. Kh2 Qb8+ 38. Rc7 Ne7 39. Rxe7 Rxe7 40. Qxe7 Qg8 41. Qe4+ 1-0

[Event "EU-chT (Women) 18th"]
[Site "Porto Carras"]
[Date "2011.11.03"]
[Round "1.3"]
[White "Erneste, Inguna"]
[Black "Gara, Ticia"]
[Result "1/2-1/2"]
[WhiteElo "2218"]
[BlackElo "2375"]
[PlyCount "102"]
[EventDate "2011.11.03"]
[EventType "team-swiss"]
[EventRounds "9"]
[EventCountry "GRE"]
[SourceTitle "EXT 2012"]
[Source "ChessBase"]
[SourceDate "2011.11.24"]
[SourceVersion "1"]
[SourceVersionDate "2011.11.24"]
[SourceQuality "1"]
[WhiteTeam "Latvia (W)"]
[BlackTeam "Hungary (W)"]
[WhiteTeamCountry "LAT"]
[BlackTeamCountry "HUN"]

1. e4 c5 2. Nf3 d6 3. d4 cxd4 4. Nxd4 Nf6 5. Nc3 a6 6. Be2 e6 7. 0-0 Be7 8. a4 Nc6 9. Be3 0-0 10. f4 Qc7 11. Nb3 b6 12. Bf3 Rb8 13. Qe2 Re8 14. Qf2 Bf8 15. Kh1 Nb4 16. Rad1 e5 17. h3 Be6 18. Nc1 b5 19. axb5 axb5 20. Rd2 Nc6 21. f5 Bc4 22. Re1 b4 23. Na4 Nd7 24. Be2 Bxe2 25. Nxe2 Na5 26. b3 Rec8 27. Ng3 f6 28. Red1 Qc6 29. Qe2 Ra8 30. Bf2 Nc4 31. Rd5 Na3 32. Rc1 Qa6 33. Qd2 Rab8 34. Kh2 Rc6 35. Nf1 Nxc2 36. Rxc2 Rxc2 37. Qxc2 Qxf1 38. Be3 Qa6 39. Qc7 Qb7 40. Qc4 Kh8 41. Ra5 Rc8 42. Qd3 Qc6 43. Ra6 Qc2 44. Qd5 Qe2 45. Rc6 Rxc6 46. Qxc6 Qxe3 47. Qxd7 Qf4+ 48. Kh1 Qf1+ 49. Kh2 Qf4+ 50. Kh1 Qf1+ 51. Kh2 Qf4+ 1/2-1/2

[Event "Olympiad Women-38"]
[Site "Dresden"]
[Date "2008.11.25"]
[Round "11"]
[White "Erneste, Inguna"]
[Black "Ozturk Orenli, Kubra"]
[Result "0-1"]
[WhiteElo "2290"]
[BlackElo "2254"]
[PlyCount "78"]
[EventDate "2008.11.13"]
[EventType "team-swiss"]
[EventRounds "11"]
[EventCountry "GER"]
[SourceTitle "CBM 128"]
[Source "ChessBase"]
[SourceDate "2009.01.28"]
[SourceVersion "1"]
[SourceVersionDate "2009.01.28"]
[SourceQuality "1"]
[WhiteTeam "Latvia (W)"]
[BlackTeam "Turkey (W)"]
[WhiteTeamCountry "LAT"]
[BlackTeamCountry "TUR"]

1. e4 e5 2. Nf3 Nc6 3. Bb5 a6 4. Ba4 Nf6 5. 0-0 b5 6. Bb3 Bb7 7. d3 Be7 8. Re1 0-0 9. Nc3 d6 10. a3 Nd4 11. Nxd4 exd4 12. Ne2 c5 13. Nf4 Qd7 14. f3 d5 15. e5 Ne8 16. c3 c4 17. Bc2 dxc3 18. bxc3 Nc7 19. d4 a5 20. Bd2 Bc6 21. Nh5 f5 22. exf6 Bxf6 23. Qb1 Bh4 24. Bxh7+ Kh8 25. Re5 Qd6 26. Nf4 Be8 27. Bg6 Bf6 28. Rh5+ Kg8 29. Bxe8 Rfxe8 30. Ng6 Kf7 31. Qf5 Qe6 32. Ne5+ Ke7 33. Qc2 Qb6 34. Re1 Kd8 35. Nf7+ Kd7 36. Qf5+ Kc6 37. Ne5+ Kb7 38. Nd7 Bxd4+ 39. Kf1 Qc6 0-1

[Event "Olympiad Women-38"]
[Site "Dresden"]
[Date "2008.11.17"]
[Round "5"]
[White "Erneste, Inguna"]
[Black "Enkhtuul, Altanulzii"]
[Result "0-1"]
[WhiteElo "2290"]
[BlackElo "1977"]
[PlyCount "80"]
[EventDate "2008.11.13"]
[EventType "team-swiss"]
[EventRounds "11"]
[EventCountry "GER"]
[SourceTitle "CBM 128"]
[Source "ChessBase"]
[SourceDate "2009.01.28"]
[SourceVersion "1"]
[SourceVersionDate "2009.01.28"]
[SourceQuality "1"]
[WhiteTeam "Latvia (W)"]
[BlackTeam "Mongolia (W)"]
[WhiteTeamCountry "LAT"]
[BlackTeamCountry "MGL"]

1. e4 d5 2. exd5 Nf6 3. d4 Nxd5 4. Nf3 g6 5. Be2 Bg7 6. 0-0 0-0 7. h3 Bf5 8. a3 Nc6 9. c4 Nb6 10. Be3 a5 11. Nc3 h5 12. Rc1 Qd7 13. b3 Rad8 14. d5 Ne5 15. Nd4 Bxh3 16. gxh3 Qxh3 17. Bf3 Ng4 18. Bxg4 hxg4 19. Nce2 e5 20. dxe6 Be5 21. Nf4 Bxf4 22. Bxf4 fxe6 23. Be5 Nd7 24. Bg3 c5 25. Ne2 Ne5 26. Bxe5 Rxd1 27. Rfxd1 Qf3 28. Nf4 g3 29. Rd2 g5 30. Nd3 gxf2+ 31. Nxf2 g4 32. Rc3 Qf5 33. Re2 Qb1+ 34. Kg2 Rf3 35. Rcc2 Rf5 36. Rb2 Qc1 37. Bg3 Kf7 38. a4 Qc3 39. Bd6 Qf3+ 40. Kg1 g3 0-1

[Event "Olympiad Women-36"]
[Site "Mallorca"]
[Date "2004.10.20"]
[Round "6.1"]
[White "Petrenko, Svetlana"]
[Black "Erneste, Inguna"]
[Result "1-0"]
[WhiteElo "2323"]
[BlackElo "2310"]
[PlyCount "67"]
[EventDate "2004.10.15"]
[EventType "team-swiss"]
[EventRounds "14"]
[EventCountry "ESP"]
[SourceTitle "CBM 102 Extra"]
[Source "ChessBase"]
[SourceDate "2004.11.03"]
[SourceVersion "1"]
[SourceVersionDate "2004.11.03"]
[SourceQuality "1"]
[WhiteTeam "Moldova (W)"]
[BlackTeam "Latvia (W)"]
[WhiteTeamCountry "MDA"]
[BlackTeamCountry "LAT"]

1. e4 e5 2. Nf3 Nc6 3. Bb5 a6 4. Ba4 Nf6 5. 0-0 Be7 6. Re1 b5 7. Bb3 d6 8. h3 0-0 9. c3 Nb8 10. d4 Nbd7 11. Nbd2 Bb7 12. Bc2 Re8 13. Nf1 h6 14. Ng3 Bf8 15. b3 c5 16. Bb2 Qc7 17. d5 c4 18. Nd2 a5 19. Nf5 Rec8 20. Qf3 Qd8 21. bxc4 bxc4 22. Ba3 Nb6 23. Rab1 Ra6 24. Qe3 Kh7 25. f4 exf4 26. Qxf4 Ba8 27. Nxd6 Bxd6 28. Bxd6 Kg8 29. Ba3 Nbxd5 30. exd5 Qxd5 31. Nf3 Qc6 32. Bf5 Rd8 33. Rb8 Qd5 34. Qc7 1-0

[Event "Ellivuori (Women)"]
[Site "Vammala"]
[Date "2002.09.01"]
[Round "9"]
[White "Erneste, Inguna"]
[Black "Koskela, Niina"]
[Result "1-0"]
[WhiteElo "2287"]
[BlackElo "2260"]
[PlyCount "123"]
[EventDate "2002.08.24"]
[EventType "tourn"]
[EventRounds "9"]
[EventCountry "FIN"]
[EventCategory "1"]
[SourceTitle "CBM 089 Extra"]
[Source "ChessBase"]
[SourceDate "2002.09.10"]
[SourceVersion "2"]
[SourceVersionDate "2002.09.10"]
[SourceQuality "1"]

1. e4 e5 2. Nf3 Nc6 3. Bb5 a6 4. Ba4 Nf6 5. 0-0 Be7 6. Re1 b5 7. Bb3 d6 8. c3 0-0 9. h3 Nb8 10. d4 Nbd7 11. Nbd2 Bb7 12. a4 c5 13. Bc2 Re8 14. b3 Bf8 15. d5 bxa4 16. Rxa4 Nb6 17. Ra2 a5 18. Bd3 Qc7 19. Bb5 Reb8 20. Qe2 Ra7 21. Bb2 Rba8 22. Rea1 Ba6 23. Ne1 Bxb5 24. Qxb5 c4 25. bxc4 Rb7 26. Qc6 Qxc6 27. dxc6 Rc7 28. Rxa5 Rac8 29. c5 dxc5 30. c4 Re8 31. Nef3 Bd6 32. Ne1 Rxc6 33. Nc2 Nbd7 34. Ne3 Rb8 35. Bc3 Rcb6 36. Ra6 Bf8 37. Rxb6 Rxb6 38. Ra8 h6 39. Nd5 Rb7 40. g3 Kh7 41. Kg2 Nxd5 42. cxd5 f6 43. Nc4 Rb3 44. Ra3 Rxa3 45. Nxa3 Kg6 46. Nc4 Kf7 47. f4 exf4 48. gxf4 Be7 49. Kf3 Nf8 50. Ba5 g5 51. d6 Ng6 52. dxe7 Kxe7 53. f5 Nf8 54. Kg4 Kf7 55. Nb6 Kg7 56. Bc3 Kf7 57. Kh5 Kg7 58. Nd5 Nd7 59. Bb2 c4 60. Bd4 Ne5 61. Bxe5 fxe5 62. Nc3 1-0